印尼岛屿旅行 (Record no. 19408)

000 -LEADER
fixed length control field 00471nam a22001937a 4500
003 - CONTROL NUMBER IDENTIFIER
control field MPLRDC
005 - DATE AND TIME OF LATEST TRANSACTION
control field 20220104124439.0
008 - FIXED-LENGTH DATA ELEMENTS--GENERAL INFORMATION
fixed length control field 210129b ||||| |||| 00| 0 eng d
020 ## - INTERNATIONAL STANDARD BOOK NUMBER
International Standard Book Number 957-640-951-9
082 ## - DEWEY DECIMAL CLASSIFICATION NUMBER
Classification number 719.393 LYH
100 ## - MAIN ENTRY--PERSONAL NAME
Personal name 李昱宏
245 ## - TITLE STATEMENT
Title 印尼岛屿旅行
Statement of responsibility, etc.
250 ## - EDITION STATEMENT
Edition statement 初版
260 ## - PUBLICATION, DISTRIBUTION, ETC.
Place of publication, distribution, etc. 台湾
Name of publisher, distributor, etc. 华杏出版机构
Date of publication, distribution, etc. 2006
300 ## - PHYSICAL DESCRIPTION
Other physical details 205
490 ## - SERIES STATEMENT
Series statement 自主行系列: B0616
650 ## - SUBJECT ADDED ENTRY--TOPICAL TERM
Topical term or geographic name entry element 印尼游记
942 ## - ADDED ENTRY ELEMENTS (KOHA)
Koha item type Book
-- 719.393 LYH
Holdings
Withdrawn status Lost status Source of classification or shelving scheme Damaged status Not for loan Collection code Home library Current library Shelving location Date acquired Cost, normal purchase price Total Checkouts Full call number Barcode Date last seen Date last checked out Price effective from Koha item type Public note
            Malaysian Public Library, Research and Development Centre Malaysian Public Library, Research and Development Centre   10/12/2007 35.75   719.393 LYH 00019477 17/03/2021 25/08/2018 17/03/2021 Book mplrdc

© 2022. Malaysian Public Library, Research and Development Centre. All Right ReservedE-mailmplrdc@help.edu.my 

Powered by Koha